[Event "FRA-chT2 East 0708"]
[Site "France"]
[Date "2008.02.10"]
[Round "7.3"]
[White "Adrian, Claude"]
[Black "Bauer, Laurent"]
[Result "1-0"]
[WhiteElo "2285"]
[BlackElo "2069"]
[PlyCount "60"]
[EventDate "2007.10.21"]
[EventType "team"]
[EventRounds "11"]
[EventCountry "FRA"]
[SourceTitle "EXT 2009"]
[Source "ChessBase"]
[SourceDate "2008.11.26"]
[SourceVersion "1"]
[SourceVersionDate "2008.11.26"]
[SourceQuality "1"]
[WhiteTeam "Epinal"]
[BlackTeam "Vandoeuvre II"]
[WhiteTeamCountry "FRA"]
[BlackTeamCountry "FRA"]

1. c4 Nf6 2. Nc3 c5 3. Nf3 d5 4. cxd5 Nxd5 5. d4 e6 6. e4 Nxc3 7. bxc3 cxd4 8. cxd4 Bb4+ 9. Bd2 Qa5 10. Bc4 b5 11. Bb3 Bxd2+ 12. Qxd2 Qxd2+ 13. Kxd2 Bb7 14. Rac1 0-0 15. Ke3 Nc6 16. Rc5 a6 17. Rhc1 Na5 18. Ne5 Rfc8 19. Rxc8+ Rxc8 20. Rxc8+ Bxc8 21. d5 exd5 22. Bxd5 Be6 23. Kd4 Kf8 24. Bxe6 fxe6 25. Kc5 g5 26. Kd6 b4 27. Kxe6 b3 28. axb3 Nxb3 29. Nd7+ Kg7 30. Ke7 a5 1-0